Detalles MARC
| 000 -CABECERA |
| Longitud fija campo de control |
01644nam a2200397 i 4500 |
| 003 - • IDENTIFICADOR DELl NÚMERO DE CONTROL |
| Identificador del número de control |
CO-BoRNBP |
| 005 - • FECHA Y HORA DE LA ÚLTIMA TRANSACCIÓN |
| Fecha y hora de la última transacción |
20250605110444.0 |
| 007 - • CAMPO FIJO DE DESCRIPCIÓN FÍSICA |
| Campo fijo de descripción física |
ta |
| 008 - • CÓDIGOS DE INFORMACIÓN DE LONGITUD FIJA |
| Códigos de información de longitud fija |
210921t2016 sp ao br 000 0 spa d |
| 020 ## - • NÚMERO INTERNACIONAL NORMALIZADO PARA LIBROS |
| Número Internacional Normalizado para Libros (ISBN) |
9788434210172 |
| 040 ## - FUENTE DE LA CATALOGACIÓN |
| Centro catalogador de origen |
CO-BoRNBP |
| Lengua de catalogación |
spa |
| Normas de descripción |
rda |
| Centro transcriptor |
CO-BoRNBP |
| 041 0# - • CÓDIGO DE LENGUA |
| Código de lengua del texto/banda sonora o título independiente |
spa |
| 082 04 - • NÚMERO DE LA CLASIFICACIÓN DECIMAL DEWEY |
| Número de clasificación (R) |
507.24 |
| Número del ítem |
B15c |
| Número de edición |
22 |
| 082 04 - • NÚMERO DE LA CLASIFICACIÓN DECIMAL DEWEY |
| Número de clasificación (R) |
540.78 |
| Número del ítem |
C32 |
| Número de edición |
21 |
| 082 04 - • NÚMERO DE LA CLASIFICACIÓN DECIMAL DEWEY |
| Número de clasificación (R) |
540.78 |
| Número del ítem |
B15c |
| Número de edición |
21 |
| 082 04 - • NÚMERO DE LA CLASIFICACIÓN DECIMAL DEWEY |
| Número de clasificación (R) |
540.78 |
| Número del ítem |
B15C |
| Número de edición |
21 |
| 100 1# - • PUNTO DE ACCESO PRINCIPAL-NOMBRE DE PERSONA |
| Nombre de persona |
Banqueri, Eduardo |
| Fechas asociadas al nombre |
1966- |
| Término indicativo de función |
autor |
| 245 10 - • TITULO PROPIAMENTE DICHO |
| Título |
Ciencia cotidiana |
| Resto del título |
66 experimentos para explicar las pequeñas y grandes cosas que nos rodean |
| Mención de responsabilidad, etc. |
texto Eduardo Banqueri ... [y otros tres] ; ilustraciones Roger Zanni |
| 246 31 - • VARIANTES DE TÍTULO |
| Título propio / Título en breve |
Ciencia cotidiana |
| Resto de título |
sesenta y seis experimentos para explicar las pequeñas y grandes cosas que nos rodean |
| 250 ## - • MENCIÓN DE EDICIÓN |
| Mención de edición |
Primera edición |
| 264 #4 - PRODUCCIÓN, PUBLICACIÓN , DISTRIBUCIÓN, FABRICACIÓN Y COPYRIGHT |
| Lugar de producción, publicación, distribución, fabricación |
Badalona, España |
| Nombre del productor, editor, distribuidor, fabricante |
Parramón Paidotribo |
| Fecha de de producción, publicación, distribución, fabricación o copyright |
©2016 |
| 300 ## - • DESCRIPCIÓN FÍSICA |
| Extensión |
142 páginas |
| Otras características físicas |
ilustraciones, fotografías a color |
| Dimensiones |
28 cm |
| 336 ## - TIPO DE CONTENIDO |
| Término de tipo de contenido |
texto |
| Código de tipo de contenido |
txt |
| Fuente |
rdacontent |
| 337 ## - TIPO DE MEDIO |
| Nombre del tipo de medio |
sin mediación |
| Código del tipo de medio |
n |
| Fuente |
rdamedia |
| 338 ## - TIPO DE SOPORTE |
| Nombre del tipo de soporte |
volumen |
| Código del tipo de soporte |
nc |
| Fuente |
rdacarrier |
| 521 ## - • NOTA DE PÚBLICO DESTINATARIO |
| Nota público destinatario (R ) |
Recomendado para un público infantil mayor de 9 años |
| 650 04 - • PUNTO DE ACCESO ADICIONAL DE MATERIA - TÉRMINO DE MATERIA |
| Término de materia o nombre geográfico como elemento inicial |
Química |
| Subdivisión de materia general |
Experimentos |
| -- |
Literatura infantil |
| Fuente del encabezamiento o término |
LEMB |
| 650 00 - • PUNTO DE ACCESO ADICIONAL DE MATERIA - TÉRMINO DE MATERIA |
| Término de materia o nombre geográfico como elemento inicial |
Experimentación científica |
| Subdivisión de materia general |
Literatura infantil |
| Fuente del encabezamiento o término |
LEMB |
| 650 04 - • PUNTO DE ACCESO ADICIONAL DE MATERIA - TÉRMINO DE MATERIA |
| Término de materia o nombre geográfico como elemento inicial |
Física |
| Subdivisión de materia general |
Experimentos |
| -- |
Literatura infantil |
| Fuente del encabezamiento o término |
LEMB |
| 650 04 - • PUNTO DE ACCESO ADICIONAL DE MATERIA - TÉRMINO DE MATERIA |
| Término de materia o nombre geográfico como elemento inicial |
Biología |
| Subdivisión de materia general |
Experimentos |
| -- |
Literatura infantil |
| Fuente del encabezamiento o término |
LEMB |
| 700 1# - • PUNTO DE ACCESO ADICIONAL - NOMBRE DE PERSONA |
| Nombre de persona |
Zanni, Roger |
| Término indicativo de función |
ilustrador |
| 700 1# - • PUNTO DE ACCESO ADICIONAL - NOMBRE DE PERSONA |
| Nombre de persona |
Barres, José M. |
| Término indicativo de función |
autor |
| 700 1# - • PUNTO DE ACCESO ADICIONAL - NOMBRE DE PERSONA |
| Nombre de persona |
Barres, Laila |
| Término indicativo de función |
autora |
| 700 1# - • PUNTO DE ACCESO ADICIONAL - NOMBRE DE PERSONA |
| Nombre de persona |
López Coronado, Octavi |
| Término indicativo de función |
autor |
| 942 ## - ENTRADA DE ELEMENTOS AGREGADOS (KOHA) |
| Fuente de clasificaión o esquema |
Dewey Decimal Classification |
| Koha [por defecto] tipo de item |
Libro Infantil |